[Event "Florianopolis op 10th"]
[Site "Florianopolis"]
[Date "2024.01.21"]
[Round "2"]
[White "Nazario Sebastiao, Mariani"]
[Black "Silva, Guilherme Henrique"]
[Result "0-1"]
[WhiteElo "1530"]
[BlackElo "2068"]
[PlyCount "78"]
[EventDate "2024.01.20"]
[EventType "swiss"]
[EventRounds "10"]
[EventCountry "BRA"]
[SourceTitle "CB05_2024"]
[SourceDate "2024.01.31"]
[SourceVersion "1"]
[SourceVersionDate "2024.01.31"]
[SourceQuality "1"]

1. e4 c5 2. Nf3 d6 3. d4 cxd4 4. Nxd4 Nf6 5. Nc3 a6 6. f3 e5 7. Nb3 Be6 8. Be3 Be7 9. Qd2 0-0 10. 0-0-0 Nbd7 11. g4 b5 12. h4 b4 13. Nd5 Bxd5 14. exd5 a5 15. Kb1 Nb6 16. Bxb6 Qxb6 17. h5 a4 18. Nc1 Ra5 19. Bc4 h6 20. g5 hxg5 21. h6 g6 22. Qxg5 Kh8 23. Qd2 Rc8 24. Qd3 Qc7 25. b3 Nd7 26. Qe3 Nb6 27. Qd2 Nxc4 28. bxc4 Qxc4 29. Ne2 Rac5 30. Rc1 Rxd5 31. Qe3 Qc5 32. Qg1 Qc4 33. Qa7 Qc7 34. Qxa4 Bg5 35. f4 exf4 36. Rcd1 Rxd1+ 37. Rxd1 Bf6 38. Qb3 f3 39. Qxf3 Qxc2# 0-1

[Event "Criciuma op"]
[Site "Criciuma"]
[Date "2023.01.19"]
[Round "9"]
[White "Dos Santos, Nicoly Guilherme"]
[Black "Nazario Sebastiao, Mariani"]
[Result "1-0"]
[WhiteElo "1729"]
[BlackElo "1549"]
[PlyCount "78"]
[EventDate "2023.01.13"]
[EventType "swiss"]
[EventRounds "9"]
[EventCountry "BRA"]
[SourceTitle "CBM 212 Extra"]
[Source "ChessBase"]
[SourceDate "2023.03.31"]
[SourceVersion "1"]
[SourceVersionDate "2023.03.31"]
[SourceQuality "1"]

1. e4 e5 2. Nf3 Nc6 3. Bc4 Nf6 4. d3 Bc5 5. 0-0 d6 6. h3 h6 7. a3 g5 8. Nh2 Ne7 9. Qf3 Ng6 10. Ng4 Bxg4 11. hxg4 Qe7 12. Nc3 Nh4 13. Qe2 c6 14. Be3 Bd4 15. Nd1 Bb6 16. c3 Qd7 17. Bxb6 axb6 18. Ne3 h5 19. gxh5 g4 20. g3 Nf3+ 21. Kg2 Rxh5 22. Rh1 0-0-0 23. Rxh5 Nxh5 24. Rh1 Nf4+ 25. gxf4 exf4 26. Nf5 Nh4+ 27. Nxh4 f3+ 28. Nxf3 gxf3+ 29. Qxf3 Rg8+ 30. Kf1 d5 31. exd5 b5 32. dxc6 bxc6 33. Bxb5 cxb5 34. Qa8+ Kc7 35. Qxg8 Qxd3+ 36. Kg1 Qd1+ 37. Kh2 Qd6+ 38. Qg3 f5 39. Qxd6+ Kxd6 1-0

[Event "BRA-ch sf (Women)"]
[Site "Icara"]
[Date "2017.06.30"]
[Round "3"]
[White "Nazario Sebastiao, Mariani"]
[Black "Feller, Gabriela Luisa Vice"]
[Result "1-0"]
[WhiteElo "1530"]
[BlackElo "1587"]
[PlyCount "55"]
[EventDate "2017.06.29"]
[EventType "swiss"]
[EventRounds "7"]
[EventCountry "BRA"]
[SourceTitle "CBM 179 Extra"]
[Source "ChessBase"]
[SourceDate "2017.08.23"]
[SourceVersion "1"]
[SourceVersionDate "2017.08.23"]
[SourceQuality "1"]

1. e4 c5 2. Nf3 d6 3. d4 cxd4 4. Nxd4 Nf6 5. Nc3 a6 6. Be3 e5 7. Nb3 Be6 8. f3 Be7 9. Qd2 0-0 10. g4 Nbd7 11. 0-0-0 b5 12. Kb1 Qc7 13. g5 Nh5 14. Nd5 Bxd5 15. exd5 Rfc8 16. h4 Nb6 17. Qf2 Nc4 18. Bxc4 Qxc4 19. Na5 Qc7 20. Nc6 Qd7 21. f4 exf4 22. Bxf4 Nxf4 23. Qxf4 Bd8 24. h5 Bb6 25. h6 Re8 26. hxg7 Kxg7 27. Qf6+ Kg8 28. Rxh7 1-0

[Event "Florianopolis op 3rd"]
[Site "Florianopolis"]
[Date "2017.01.23"]
[Round "6"]
[White "Nazario Sebastiao, Mariani"]
[Black "Rodrigues, Regis Ramos"]
[Result "0-1"]
[WhiteElo "1565"]
[BlackElo "1950"]
[PlyCount "92"]
[EventDate "2017.01.20"]
[EventType "swiss"]
[EventRounds "10"]
[EventCountry "BRA"]
[SourceTitle "CBM 176 Extra"]
[Source "ChessBase"]
[SourceDate "2017.03.02"]
[SourceVersion "1"]
[SourceVersionDate "2017.03.02"]
[SourceQuality "1"]

1. e4 d6 2. d4 Nf6 3. Nc3 Nbd7 4. Nf3 e5 5. dxe5 dxe5 6. Bg5 Be7 7. Bd3 0-0 8. 0-0 c6 9. h3 b5 10. a3 a5 11. Bxf6 Bxf6 12. b4 axb4 13. axb4 Rxa1 14. Qxa1 Nb6 15. Rd1 Qc7 16. Ne2 Be6 17. Qc1 Qe7 18. c3 Rd8 19. Ng3 g6 20. Qe3 Nc4 21. Qc1 Ra8 22. Bxc4 Bxc4 23. Rd2 Ra6 24. Qd1 Qa7 25. Rd7 Qb6 26. Rd6 Ra2 27. Qe1 Qa7 28. Qe3 Qxe3 29. fxe3 Be7 30. Rxc6 f6 31. h4 Rc2 32. h5 Rxc3 33. hxg6 hxg6 34. Nf1 Kf7 35. Rc7 Ke6 36. Nh4 Rc1 37. Nxg6 Rxf1+ 38. Kh2 Bxb4 39. Ra7 Bc5 40. Ra6+ Kd7 41. g4 Bxe3 42. Ra3 Bc5 43. Rc3 Re1 44. g5 Bd4 45. Rc2 fxg5 46. Rd2 Re2+ 0-1

[Event "Florianopolis Winter U220 op"]
[Site "Florianopolis"]
[Date "2016.08.20"]
[Round "5"]
[White "Boabaid, Jorge Alberto Duard"]
[Black "Nazario Sebastiao, Mariani"]
[Result "1-0"]
[WhiteElo "1877"]
[BlackElo "1569"]
[PlyCount "57"]
[EventDate "2016.08.19"]
[EventType "swiss"]
[EventRounds "7"]
[EventCountry "BRA"]
[SourceTitle "CBM 174 Extra"]
[Source "ChessBase"]
[SourceDate "2016.10.10"]
[SourceVersion "1"]
[SourceVersionDate "2016.10.10"]
[SourceQuality "1"]

1. d4 g6 2. c4 Bg7 3. Nc3 Nf6 4. e4 e6 5. e5 Ng8 6. f4 f6 7. Nf3 b6 8. Bd3 Ne7 9. Be4 c6 10. 0-0 0-0 11. d5 exd5 12. cxd5 f5 13. d6 fxe4 14. dxe7 Qxe7 15. Nxe4 d5 16. Nd6 Bg4 17. Qb3 Bxf3 18. Rxf3 Bxe5 19. fxe5 Rxf3 20. Qxf3 Nd7 21. Bf4 Rf8 22. Qg3 Nc5 23. Bg5 Qe6 24. Bh6 Ne4 25. Nxe4 dxe4 26. Bxf8 Kxf8 27. Qf4+ Qf5 28. Rf1 Qxf4 29. Rxf4+ 1-0

[Event "BRA-ch U20 Girls"]
[Site "Icara"]
[Date "2016.06.26"]
[Round "6"]
[White "Nazario Sebastiao, Mariani"]
[Black "Librelato, Kathie Goulart"]
[Result "0-1"]
[WhiteElo "1571"]
[BlackElo "2063"]
[PlyCount "64"]
[EventDate "2016.06.23"]
[EventType "swiss"]
[EventRounds "7"]
[EventCountry "BRA"]
[SourceTitle "EXT 2017"]
[Source "ChessBase"]
[SourceDate "2016.10.25"]
[SourceVersion "1"]
[SourceVersionDate "2016.10.25"]
[SourceQuality "1"]

1. d4 Nf6 2. c4 g6 3. Nf3 Bg7 4. g3 0-0 5. Bg2 d6 6. 0-0 Nc6 7. Nc3 a6 8. e4 e5 9. d5 Nb8 10. h3 c6 11. Qc2 Qc7 12. b3 cxd5 13. cxd5 Nxe4 14. Qxe4 Qxc3 15. Be3 Bf5 16. Qh4 Qa5 17. Bh6 Qd8 18. Bxg7 Kxg7 19. Qb4 b5 20. Rfc1 Qb6 21. Ng5 a5 22. Qh4 h6 23. Ne6+ fxe6 24. dxe6 Ra7 25. e7 Re8 26. g4 Be6 27. Rc2 Raxe7 28. Rac1 Rf7 29. Bc6 Ref8 30. g5 h5 31. Rf1 Nxc6 32. a4 Nd4 0-1

[Event "BRA-ch U20 Girls"]
[Site "Icara"]
[Date "2016.06.25"]
[Round "5"]
[White "Nazario Sebastiao, Mariani"]
[Black "Feller, Gabriela Luisa Vice"]
[Result "1-0"]
[WhiteElo "1571"]
[BlackElo "1495"]
[PlyCount "61"]
[EventDate "2016.06.23"]
[EventType "swiss"]
[EventRounds "7"]
[EventCountry "BRA"]
[SourceTitle "EXT 2017"]
[Source "ChessBase"]
[SourceDate "2016.10.25"]
[SourceVersion "1"]
[SourceVersionDate "2016.10.25"]
[SourceQuality "1"]

1. e4 c5 2. Nf3 d6 3. d4 cxd4 4. Nxd4 Nf6 5. Nc3 a6 6. Be3 Nbd7 7. f3 e6 8. Qd2 b5 9. a3 Bb7 10. 0-0-0 Rc8 11. Kb1 Nb6 12. g4 Nc4 13. Bxc4 bxc4 14. g5 Nd7 15. h4 Nb6 16. h5 d5 17. g6 Qd7 18. gxf7+ Qxf7 19. Qh2 Bc5 20. Qh3 e5 21. Nf5 d4 22. Bf2 0-0 23. Rdg1 dxc3 24. Bxc5 Rxc5 25. Nh6+ Kh8 26. Nxf7+ Rxf7 27. Qe6 Rf8 28. Qe7 Rg8 29. h6 g6 30. Qf6+ Rg7 31. Qxg7# 1-0

[Event "BRA-ch U20 Girls"]
[Site "Icara"]
[Date "2016.06.25"]
[Round "4"]
[White "Senger, Maria Clara da Silv"]
[Black "Nazario Sebastiao, Mariani"]
[Result "0-1"]
[WhiteElo "1200"]
[BlackElo "1571"]
[PlyCount "78"]
[EventDate "2016.06.23"]
[EventType "swiss"]
[EventRounds "7"]
[EventCountry "BRA"]
[SourceTitle "EXT 2017"]
[Source "ChessBase"]
[SourceDate "2016.10.25"]
[SourceVersion "1"]
[SourceVersionDate "2016.10.25"]
[SourceQuality "1"]

1. d4 Nf6 2. Bf4 b6 3. Nf3 Bb7 4. e3 h6 5. c3 Nh5 6. Be2 Nxf4 7. exf4 e6 8. 0-0 Be7 9. Bd3 0-0 10. Bc2 d6 11. Qd3 f5 12. Re1 Qd7 13. Nbd2 Nc6 14. Re3 Rae8 15. Rae1 Nd8 16. Bb3 Bf6 17. Qc2 Kh8 18. Ba4 b5 19. Bb3 Re7 20. Qd3 a6 21. a3 Rfe8 22. Ba2 Qc6 23. Qf1 g5 24. fxg5 hxg5 25. h3 e5 26. dxe5 dxe5 27. Bb1 e4 28. Nh2 Qd6 29. Nb3 f4 30. R3e2 Bd5 31. Nd2 Qc6 32. Ng4 e3 33. Nxf6 Qxf6 34. Nf3 Bc4 35. Nd4 Bxe2 36. Qxe2 exf2+ 37. Qxf2 Rxe1+ 38. Kh2 Rxb1 39. Nc2 Qd6 0-1

[Event "BRA-ch U20 Girls"]
[Site "Icara"]
[Date "2016.06.24"]
[Round "3"]
[White "Nazario Sebastiao, Mariani"]
[Black "Cisz, Isadora Bernardo"]
[Result "0-1"]
[WhiteElo "1571"]
[BlackElo "1642"]
[PlyCount "78"]
[EventDate "2016.06.23"]
[EventType "swiss"]
[EventRounds "7"]
[EventCountry "BRA"]
[SourceTitle "EXT 2017"]
[Source "ChessBase"]
[SourceDate "2016.10.25"]
[SourceVersion "1"]
[SourceVersionDate "2016.10.25"]
[SourceQuality "1"]

1. e4 e5 2. Nf3 Nc6 3. Bb5 a6 4. Ba4 Nf6 5. 0-0 Be7 6. d3 b5 7. Bb3 d6 8. h3 Na5 9. Re1 Nxb3 10. axb3 0-0 11. Nbd2 Ne8 12. Nf1 f5 13. d4 fxe4 14. dxe5 Bb7 15. exd6 Nxd6 16. Nd4 Qd7 17. Ng3 c5 18. Nde2 Qc6 19. Nc3 e3 20. f3 Bh4 21. Kh2 Bxg3+ 22. Kxg3 Nf5+ 23. Kh2 Qc7+ 24. Kg1 Nh4 25. Rxe3 Qg3 26. Qe2 Nxf3+ 27. Rxf3 Bxf3 28. Qf2 Qxf2+ 29. Kxf2 Bd1+ 30. Kg1 Bxc2 31. Be3 Bxb3 32. Bxc5 Rfd8 33. Ne4 Rd1+ 34. Rxd1 Bxd1 35. Nc3 Bb3 36. Kf1 Bc4+ 37. Ke1 a5 38. g4 b4 39. Na4 Bb3 0-1

[Event "Florianopolis op 2nd"]
[Site "Florianopolis"]
[Date "2016.01.17"]
[Round "2"]
[White "Melo, Maicon Joao"]
[Black "Nazario Sebastiao, Mariani"]
[Result "1-0"]
[WhiteElo "1950"]
[BlackElo "1585"]
[PlyCount "81"]
[EventDate "2016.01.16"]
[EventType "swiss"]
[EventRounds "10"]
[EventCountry "BRA"]
[SourceTitle "CBM 170 Extra"]
[Source "ChessBase"]
[SourceDate "2016.02.25"]
[SourceVersion "1"]
[SourceVersionDate "2016.02.25"]
[SourceQuality "1"]

1. d4 Nf6 2. Bg5 Ne4 3. Bf4 d5 4. Nd2 Nf6 5. Ngf3 e6 6. c4 b6 7. e3 Bb7 8. Bd3 Be7 9. h3 Nbd7 10. Rc1 c5 11. 0-0 0-0 12. Bb1 dxc4 13. Nxc4 Ne4 14. Qe2 Ndf6 15. Rfd1 Qe8 16. Ne1 Rd8 17. f3 Nd6 18. Nxd6 Bxd6 19. Bxd6 Rxd6 20. dxc5 Rxd1 21. Qxd1 Qb5 22. cxb6 Qxb6 23. Rc3 Ba6 24. Qb3 Qd6 25. Nd3 Nd5 26. Qa3 Qb6 27. Rc5 Nxe3 28. Kh1 Nc4 29. Qc3 Ne3 30. Ne5 Nd5 31. Qc2 g6 32. Nd7 Qb4 33. Nxf8 Qe1+ 34. Kh2 Kxf8 35. Qe4 Qd2 36. Qe5 Bf1 37. Rc2 Qh6 38. Rc8+ Ke7 39. Be4 Qd2 40. Rc2 Qa5 41. Bxd5 1-0